The representation of the people act, 1951 (act 43 of 1951) (Record no. 396947)

000 -LEADER
fixed length control field 00349cam a22001097a 4500
008 - FIXED-LENGTH DATA ELEMENTS--GENERAL INFORMATION
fixed length control field 180718b1958 xxu||||| |||| 00| 0 eng d
082 ## - DEWEY DECIMAL CLASSIFICATION NUMBER
Classification number G93x54 In2r/51
245 ## - TITLE STATEMENT
Title The representation of the people act, 1951 (act 43 of 1951)
Statement of responsibility, etc. by Ministry of Law
260 ## - PUBLICATION, DISTRIBUTION, ETC.
Place of publication, distribution, etc. Delhi
Name of publisher, distributor, etc. Manager of Publications
Date of publication, distribution, etc. 1958
300 ## - PHYSICAL DESCRIPTION
Extent 53+p
700 ## - ADDED ENTRY--PERSONAL NAME
Personal name India. Ministry of Law
Holdings
Withdrawn status Lost status Damaged status Not for loan Permanent Location Current Location Date acquired Full call number Barcode Date last seen Price effective from Koha item type
        Indian Institute of Public Administration Indian Institute of Public Administration 2001-06-04 G93x54 In2r/51 4293 2018-07-21 2018-07-21 Book

Powered by Koha